000 00365nam a22001577a 4500
003 MPLRDC
005 20220104124104.0
008 210129b ||||| |||| 00| 0 eng d
082 _a868.71 XH
100 _a小黑
245 _a悠悠河水
_c
260 _a
_b艺青出版社有限公司
_c
300 _b
650 _a马华文学
942 _cBK
_o868.71 XH
999 _c16550
_d16540